[Event "IPCA Wch 23rd"]
[Site "Gyumri"]
[Date "2024.07.20"]
[Round "1"]
[White "Molenda, Marcin"]
[Black "Roehrig, Uwe"]
[Result "1-0"]
[WhiteElo "2394"]
[BlackElo "1806"]
[PlyCount "29"]
[EventDate "2024.07.20"]
[EventType "swiss"]
[EventRounds "9"]
[EventCountry "ARM"]
[SourceTitle "CBM 221 Extra"]
[Source "ChessBase"]
[SourceDate "2024.09.30"]
[SourceVersion "1"]
[SourceVersionDate "2024.09.30"]
[SourceQuality "1"]

1. c4 c5 2. Nf3 g6 3. d4 cxd4 4. Nxd4 Nf6 5. g3 Nc6 6. Bg2 Bg7 7. 0-0 0-0 8. Nc3 Rb8 9. Bf4 d6 10. Bxc6 e5 11. Bg2 exf4 12. gxf4 Qb6 13. Ndb5 Rd8 14. Qd2 a6 15. Na4 1-0

[Event "IPCA Wch 19th"]
[Site "Ruzomberok"]
[Date "2019.07.06"]
[Round "9"]
[White "Matana, Zoran"]
[Black "Roehrig, Uwe"]
[Result "0-1"]
[WhiteElo "1818"]
[BlackElo "1802"]
[PlyCount "74"]
[EventDate "2019.06.28"]
[EventType "swiss"]
[EventRounds "9"]
[EventCountry "SVK"]
[SourceTitle "CBM 191 Extra"]
[Source "ChessBase"]
[SourceDate "2019.09.30"]
[SourceVersion "1"]
[SourceVersionDate "2019.09.30"]
[SourceQuality "1"]

1. d4 Nf6 2. c4 g6 3. Nc3 Bg7 4. e4 d6 5. h3 Nbd7 6. Be2 0-0 7. Be3 h6 8. f4 c5 9. d5 a6 10. Qd2 Kh7 11. g4 Ne8 12. Nf3 Rb8 13. h4 Qa5 14. h5 Ndf6 15. hxg6+ fxg6 16. Ng5+ Kg8 17. Ne6 Bxe6 18. dxe6 Nc7 19. g5 Nfe8 20. gxh6 Bxc3 21. bxc3 Nxe6 22. Bg4 N6c7 23. f5 gxf5 24. Bxf5 b5 25. Qg2+ Kh8 26. Qb2 e6 27. Bg4 Nf6 28. Bf3 bxc4 29. Qc2 Qb5 30. Bc1 e5 31. Qd2 Qd7 32. Qg5 Ne6 33. Qh4 d5 34. Bg5 Nxg5 35. Qxg5 dxe4 36. Bxe4 Nxe4 37. Qxe5+ Nf6 0-1

[Event "IPCA Wch 19th"]
[Site "Ruzomberok"]
[Date "2019.07.01"]
[Round "4"]
[White "Roehrig, Uwe"]
[Black "Konkolova, Nikola"]
[Result "1-0"]
[WhiteElo "1802"]
[BlackElo "1518"]
[PlyCount "65"]
[EventDate "2019.06.28"]
[EventType "swiss"]
[EventRounds "9"]
[EventCountry "SVK"]
[SourceTitle "CBM 191 Extra"]
[Source "ChessBase"]
[SourceDate "2019.09.30"]
[SourceVersion "1"]
[SourceVersionDate "2019.09.30"]
[SourceQuality "1"]

1. c4 e5 2. g3 c6 3. Bg2 d5 4. Nf3 e4 5. Nd4 Bc5 6. e3 Bxd4 7. exd4 Qf6 8. Qc2 Qxd4 9. cxd5 Qxd5 10. Bxe4 Qe5 11. 0-0 Ne7 12. Re1 Qf6 13. Nc3 Be6 14. Nb5 Na6 15. Nd6+ Kd7 16. Nxb7 Kc7 17. Na5 Nb4 18. Qc3 Nxa2 19. Qa3 Nxc1 20. Raxc1 Bd7 21. Bg2 Rhe8 22. Nc4 Nc8 23. Qa5+ Kb7 24. Ne5 Nb6 25. Nxd7 Rxe1+ 26. Rxe1 Nxd7 27. Qb4+ Kc7 28. Re7 Rb8 29. Rxd7+ Kc8 30. Qd4 Qxd4 31. Rxd4 Rxb2 32. Bxc6 Kc7 33. Be8 1-0

[Event "IPCA Wch 19th"]
[Site "Ruzomberok"]
[Date "2019.06.28"]
[Round "1"]
[White "Shashikant, Kutwal"]
[Black "Roehrig, Uwe"]
[Result "1-0"]
[WhiteElo "2176"]
[BlackElo "1802"]
[PlyCount "33"]
[EventDate "2019.06.28"]
[EventType "swiss"]
[EventRounds "9"]
[EventCountry "SVK"]
[SourceTitle "CBM 191 Extra"]
[Source "ChessBase"]
[SourceDate "2019.09.30"]
[SourceVersion "1"]
[SourceVersionDate "2019.09.30"]
[SourceQuality "1"]

1. e4 e6 2. d4 d5 3. Nc3 Nf6 4. e5 Nfd7 5. f4 a6 6. Nf3 c5 7. Be3 Nc6 8. Be2 Qb6 9. Na4 Qa5+ 10. c3 cxd4 11. b4 Qc7 12. Nxd4 Be7 13. 0-0 0-0 14. Bd3 f5 15. Nxe6 Qb8 16. Nxf8 Bxf8 17. Bxf5 1-0

[Event "GER OS-375 email"]
[Site "GER email"]
[Date "2019.05.10"]
[Round "?"]
[White "Roehrig, Uwe"]
[Black "Guenther, Rainer"]
[Result "0-1"]
[WhiteElo "1587"]
[BlackElo "1287"]
[PlyCount "46"]
[EventDate "2019.05.19"]
[EventType "tourn (corr)"]
[EventRounds "6"]
[EventCountry "GER"]
[SourceTitle "Corr 2022"]
[Source "ChessBase"]
[SourceDate "2021.10.24"]
[SourceVersion "1"]
[SourceVersionDate "2021.10.24"]
[SourceQuality "1"]

1. c4 Nf6 2. g3 Nc6 3. Bg2 e5 4. Nc3 Bc5 5. a3 a5 6. e3 0-0 7. Nge2 d6 8. 0-0 Be6 9. d3 Qd7 10. Nd5 Ne8 11. f4 Bxd5 12. Bxd5 Nf6 13. d4 exd4 14. exd4 Bb6 15. Bg2 Rae8 16. Kh1 Ng4 17. h3 Nf6 18. Qd3 Re7 19. g4 Rfe8 20. d5 Rxe2 21. dxc6 bxc6 22. g5 Nh5 23. Bd2 Be3 0-1

[Event "GER OS-375 email"]
[Site "GER email"]
[Date "2019.05.10"]
[Round "?"]
[White "Roehrig, Uwe"]
[Black "Schleef, Harald"]
[Result "0-1"]
[WhiteElo "1587"]
[BlackElo "1619"]
[PlyCount "32"]
[EventDate "2019.05.19"]
[EventType "tourn (corr)"]
[EventRounds "6"]
[EventCountry "GER"]
[SourceTitle "Corr 2022"]
[Source "ChessBase"]
[SourceDate "2021.10.24"]
[SourceVersion "1"]
[SourceVersionDate "2021.10.24"]
[SourceQuality "1"]

1. c4 e6 2. g3 d5 3. Bg2 dxc4 4. Qa4+ Nd7 5. Qxc4 c5 6. Qb3 Rb8 7. d3 Bd6 8. Nc3 a6 9. a4 b6 10. e3 Ne5 11. Qc2 Be7 12. Ke2 Qc7 13. Nf3 Nc6 14. Na2 Nf6 15. b4 cxb4 16. Nd4 Nxd4+ 0-1

[Event "GER S3G2 enginefrei email"]
[Site "GER email"]
[Date "2018.03.17"]
[Round "?"]
[White "Nonnenmacher, Thomas"]
[Black "Roehrig, Uwe"]
[Result "1-0"]
[WhiteElo "1655"]
[BlackElo "1643"]
[PlyCount "55"]
[EventDate "2018.03.26"]
[EventType "tourn (corr)"]
[EventRounds "6"]
[EventCountry "GER"]
[SourceTitle "Corr 2020"]
[Source "ChessBase"]
[SourceDate "2019.09.30"]
[SourceVersion "1"]
[SourceVersionDate "2019.09.30"]
[SourceQuality "1"]

1. c4 Nf6 2. g3 g6 3. Bg2 Bg7 4. Nc3 0-0 5. d4 d6 6. Nf3 Nc6 7. 0-0 a6 8. d5 Na5 9. b3 Rb8 10. Bg5 c5 11. dxc6 Nxc6 12. Rc1 b5 13. Bxf6 Bxf6 14. Nd5 Bg7 15. cxb5 Ne5 16. Nxe5 Bxe5 17. bxa6 Bxa6 18. Qd2 e6 19. f4 Bg7 20. Nc7 Rc8 21. Nxa6 Qb6+ 22. Kh1 Qxa6 23. e4 Qa3 24. f5 gxf5 25. Rxc8 Rxc8 26. exf5 exf5 27. Bd5 Bb2 28. Qg5+ 1-0

[Event "GER-Cup33 E/V02 email"]
[Site "GER email"]
[Date "2017.12.25"]
[Round "?"]
[White "Wilshusen, Horst"]
[Black "Roehrig, Uwe"]
[Result "0-1"]
[WhiteElo "1543"]
[BlackElo "1706"]
[PlyCount "80"]
[EventDate "2018.01.10"]
[EventType "tourn (corr)"]
[EventRounds "4"]
[EventCountry "GER"]
[SourceTitle "Corr 2020"]
[Source "ChessBase"]
[SourceDate "2019.09.30"]
[SourceVersion "1"]
[SourceVersionDate "2019.09.30"]
[SourceQuality "1"]

1. d4 Nf6 2. Nf3 g6 3. g3 Bg7 4. Bg2 0-0 5. 0-0 d6 6. c4 c5 7. Nc3 Nc6 8. d5 Na5 9. Nd2 b6 10. Qc2 Ng4 11. b3 Rb8 12. Bb2 f5 13. e3 e5 14. dxe6 Bxe6 15. Rad1 Qe7 16. Nf3 Nc6 17. a3 Nce5 18. Nxe5 dxe5 19. Nd5 Qf7 20. h3 Nh6 21. Rd2 e4 22. Rfd1 Bxb2 23. Qxb2 Bxd5 24. Rxd5 Qg7 25. Qd2 Nf7 26. f3 exf3 27. Bxf3 Qf6 28. Rd7 Rbd8 29. Rxd8 Rxd8 30. Bd5 Kg7 31. Kg2 Ng5 32. Qc2 Qe5 33. Re1 Ne4 34. Bxe4 Qxe4+ 35. Qxe4 fxe4 36. Re2 Rd3 37. b4 Rxa3 38. bxc5 bxc5 39. Rd2 a5 40. Kf2 a4 0-1

[Event "GER OS-332 email"]
[Site "GER email"]
[Date "2017.11.14"]
[Round "?"]
[White "Horst, Lothar"]
[Black "Roehrig, Uwe"]
[Result "1-0"]
[WhiteElo "1780"]
[BlackElo "1706"]
[PlyCount "45"]
[EventDate "2017.11.21"]
[EventType "tourn (corr)"]
[EventRounds "6"]
[EventCountry "GER"]
[SourceTitle "Corr 2020"]
[Source "ChessBase"]
[SourceDate "2019.09.30"]
[SourceVersion "1"]
[SourceVersionDate "2019.09.30"]
[SourceQuality "1"]

1. d4 Nf6 2. c4 g6 3. Nf3 Bg7 4. Nc3 0-0 5. e4 d6 6. Be2 e5 7. d5 a5 8. Bg5 h6 9. Bh4 Na6 10. 0-0 Nc5 11. Nd2 Qe8 12. h3 Bd7 13. Qc2 Nh7 14. Nb3 Ba4 15. Nxa4 Qxa4 16. f3 f5 17. exf5 Rxf5 18. Bf2 Nxb3 19. axb3 Qe8 20. Bd3 Rf6 21. b4 b6 22. bxa5 bxa5 23. Ra3 1-0

[Event "GER-Cup30 E/V03 email"]
[Site "GER email"]
[Date "2016.11.01"]
[Round "?"]
[White "Krebs, Hans Joachim"]
[Black "Roehrig, Uwe"]
[Result "1-0"]
[WhiteElo "1813"]
[BlackElo "1706"]
[PlyCount "49"]
[EventDate "2016.11.07"]
[EventType "tourn (corr)"]
[EventRounds "4"]
[EventCountry "GER"]
[SourceTitle "Corr 2020"]
[Source "ChessBase"]
[SourceDate "2019.09.30"]
[SourceVersion "1"]
[SourceVersionDate "2019.09.30"]
[SourceQuality "1"]

1. d4 Nf6 2. Nf3 g6 3. c4 Bg7 4. Nc3 0-0 5. g3 d6 6. Bg2 Nc6 7. 0-0 a6 8. h3 Bd7 9. b3 Qc8 10. Kh2 e5 11. e3 h5 12. d5 Ne7 13. Ba3 Nh7 14. e4 c5 15. dxc6 Bxc6 16. Qxd6 Re8 17. Qd3 Bd7 18. Rfd1 Be6 19. Nd5 Nxd5 20. cxd5 Rd8 21. Rac1 Qb8 22. Qe3 Bd7 23. Qb6 f6 24. Rc7 Ra7 25. Be7 1-0

[Event "GER S3G3 enginefrei email"]
[Site "GER email"]
[Date "2016.02.29"]
[Round "?"]
[White "Moser, Juergen"]
[Black "Roehrig, Uwe"]
[Result "0-1"]
[WhiteElo "1635"]
[BlackElo "1739"]
[PlyCount "44"]
[EventDate "2016.03.07"]
[EventType "tourn (corr)"]
[EventRounds "6"]
[EventCountry "GER"]
[SourceTitle "Corr 2020"]
[Source "ChessBase"]
[SourceDate "2019.09.30"]
[SourceVersion "1"]
[SourceVersionDate "2019.09.30"]
[SourceQuality "1"]

1. d4 Nf6 2. c4 g6 3. Nc3 Bg7 4. e4 d6 5. f3 0-0 6. Nge2 c5 7. d5 e6 8. Ng3 exd5 9. cxd5 h5 10. Bg5 Qb6 11. Qd2 Nh7 12. Be3 Nd7 13. Rb1 Ne5 14. Be2 h4 15. Nf1 Qd8 16. Bf2 f5 17. h3 a6 18. f4 Nd7 19. exf5 gxf5 20. Ne3 b5 21. a3 Nb6 22. 0-0 b4 0-1

[Event "GER S3G3 enginefrei email"]
[Site "GER email"]
[Date "2016.02.29"]
[Round "?"]
[White "Roehrig, Uwe"]
[Black "Lieske, Gerhard"]
[Result "0-1"]
[WhiteElo "1739"]
[BlackElo "1623"]
[PlyCount "40"]
[EventDate "2016.03.07"]
[EventType "tourn (corr)"]
[EventRounds "6"]
[EventCountry "GER"]
[SourceTitle "Corr 2022"]
[Source "ChessBase"]
[SourceDate "2021.10.24"]
[SourceVersion "1"]
[SourceVersionDate "2021.10.24"]
[SourceQuality "1"]

1. c4 e5 2. Nc3 Nf6 3. Nf3 Nc6 4. g3 d5 5. cxd5 Nxd5 6. Bg2 Nb6 7. 0-0 Bd6 8. d3 h6 9. a3 0-0 10. b4 Be6 11. Nb5 Qd7 12. Nxd6 cxd6 13. Re1 a5 14. b5 Ne7 15. a4 Ned5 16. Bd2 Rfc8 17. Qb1 Nc3 18. Bxc3 Rxc3 19. Qb2 Rac8 20. Rec1 Nxa4 0-1

[Event "GER-Cup27 E/V02 email"]
[Site "GER email"]
[Date "2015.07.27"]
[Round "?"]
[White "Roehrig, Uwe"]
[Black "Maly, Wolfgang"]
[Result "1-0"]
[WhiteElo "1739"]
[BlackElo "1678"]
[PlyCount "33"]
[EventDate "2015.08.07"]
[EventType "tourn (corr)"]
[EventRounds "4"]
[EventCountry "GER"]
[SourceTitle "Corr 2020"]
[Source "ChessBase"]
[SourceDate "2019.09.30"]
[SourceVersion "1"]
[SourceVersionDate "2019.09.30"]
[SourceQuality "1"]

1. c4 Nc6 2. Nf3 e5 3. Nc3 Nf6 4. g3 Bb4 5. Nd5 e4 6. Nh4 Bc5 7. Bg2 d6 8. d3 exd3 9. Qxd3 Ne5 10. Qc3 g5 11. Bxg5 Nxd5 12. Bxd5 Bxf2+ 13. Kxf2 Qxg5 14. Rhf1 Bh3 15. Bg2 Bxg2 16. Kxg2 Qg4 17. Nf3 1-0